000 09366cam a2201765 a 4500
999 _c55652
001 10334913
003 LIBRIS
005 20210127120332.0
008 070201s2007 sw |||||||||||000 0|swe|
020 _a9789144034409
035 _a(Mo)b1646745
040 _aLGEN
_dSoph
_dNB
_ea
041 _aswe
060 4 _aWL 140
082 0 4 _a617.480231
_222
084 _aVfnf
_2kssb/8
084 _aVfnf
_2kssb/8
084 _aVfnf
_2kssb/8
245 1 0 _aNeurokirurgisk vård /
_cAnna Blommengren, Birgitta Ohlgren (red.).
264 1 _aLund :
_bStudentlitteratur,
_c2007
264 3 _aPolen
300 _a292 s.
_bill.
_c23 cm
340 _b23 cm
500 _5C
_a3. tr., 2012
500 _5Mo
_asvenska
500 _5S
_aTryckningar finns
500 _5Ufa
_aEj fjärrlån
505 8 _aNeurokirurgins historik och framväxt -- Neuroanatomi, fysiologi och patofysiologi -- Neurologisk bedömning -- Skalltrauma -- Cerebrovaskulära sjukdomar -- Hjärntumörer -- Skador och sjukdomar i ryggen -- Funktionell neurokirurgi -- Sjukgymnastiska och arbetsterapeutiska principer inom neurokirurgisk vård -- Diagnostiska metoder -- Perioperativ neurokirurgisk vård -- Etiska överväganden -- Framtidens neurokirurgiska omvårdnad
650 7 _aNeurokirurgi
_0https://id.kb.se/term/sao/Neurokirurgi
_2sao
650 1 2 _aNervous System Diseases
_xsurgery
650 1 2 _aNervous System Diseases
_xnursing
650 2 2 _aNeurosurgical Procedures
_xmethods
650 2 2 _aNeurosurgical Procedures
_xnursing
650 7 _aNeurokirurgi
_0https://id.kb.se/term/sao/Neurokirurgi
_2sao
653 _aNeurokirurgi
653 _aOmvårdnad
653 _aDiagnostiska metoder
653 _aNeurokirurgi
653 _aOmvårdnad
655 2 _aNurses' Instruction
655 4 _5Mo
_aBok
700 1 _aBlommengren, Anna,
_d1960-
_4edt
_0https://libris.kb.se/qn258v383xm1zjh#it
700 1 _aOhlgren, Birgitta,
_d1964-
_4edt
_0https://libris.kb.se/sq47bx5b383z798#it
856 4 _uhttp://www.studentlitteratur.se/omslagsbild/artnr/31670-01/height/320/width/320/bild.jpg
_zOmslagsbild
887 _a{"@id":"r822hvb31xht8zj","modified":"2017-11-15T09:07:17+01:00","checksum":"176264832672"}
_2librisxl
887 _a{"@id":"7ckf2l0d1w1w73g","modified":"2011-10-26T15:49:26+02:00","checksum":"53484089909"}
_2librisxl
887 _a{"@id":"kpx80nqq5c62nl7","modified":"2017-11-08T09:20:44+01:00","checksum":"56032649980"}
_2librisxl
887 _a{"@id":"rw304zhx3wrprqn","modified":"2017-11-06T15:21:43+01:00","checksum":"53410040292"}
_2librisxl
887 _a{"@id":"v062nc71280ld5n","modified":"2020-05-26T13:59:27.265+02:00","checksum":"30985279003"}
_2librisxl
887 _a{"@id":"qv2bnvhw1wbxnqh","modified":"2011-06-22T12:28:34+02:00","checksum":"61978348547"}
_2librisxl
887 _a{"@id":"bgnms73h2h9n6h7","modified":"2008-08-25T10:10:05+02:00","checksum":"59273379740"}
_2librisxl
887 _a{"@id":"15c7x8461zq37gv","modified":"2014-03-12T14:18:52+01:00","checksum":"49236225852"}
_2librisxl
887 _a{"@id":"kpwrbw2q56rxfz4","modified":"2007-02-15T15:32:30+01:00","checksum":"56832233507"}
_2librisxl
887 _a{"@id":"hmtp963n5s60680","modified":"2007-03-19T10:57:36+01:00","checksum":"55759015428"}
_2librisxl
887 _a{"@id":"kpwrgfqq5q3l1gh","modified":"2008-10-01T15:57:04+02:00","checksum":"64387026146"}
_2librisxl
887 _a{"@id":"8dlgbgdf1lmh0fn","modified":"2012-06-05T13:23:23+02:00","checksum":"54383519003"}
_2librisxl
887 _a{"@id":"59hc0rmb4frdvfx","modified":"2012-06-26T13:20:20+02:00","checksum":"52676178165"}
_2librisxl
887 _a{"@id":"hmtpb01n5rwrlgv","modified":"2007-03-06T11:40:35+01:00","checksum":"63460923111"}
_2librisxl
887 _a{"@id":"hmtwpgjn0kmfz6c","modified":"2009-08-26T13:47:56+02:00","checksum":"59811676005"}
_2librisxl
887 _a{"@id":"w173zg821lxlhhq","modified":"2007-04-19T08:11:01+02:00","checksum":"60316260001"}
_2librisxl
887 _a{"@id":"qv338x0w32bx5b0","modified":"2016-05-09T15:01:46+02:00","checksum":"61660001858"}
_2librisxl
887 _a{"@id":"mrzth83s3rvmgjw","modified":"2007-03-16T14:37:28+01:00","checksum":"64134717144"}
_2librisxl
887 _a{"@id":"z395szz45bb4sv8","modified":"2017-06-29T14:07:01+02:00","checksum":"51314955895"}
_2librisxl
887 _a{"@id":"ns0vgx2t0x3dqk3","modified":"2007-02-23T11:49:10+01:00","checksum":"56900877292"}
_2librisxl
887 _a{"@id":"kpwsr4qq3x56fx3","modified":"2016-09-28T10:49:23+02:00","checksum":"55124427407"}
_2librisxl
887 _a{"@id":"fkrn1rml2rmlb1w","modified":"2018-01-04T18:24:41+01:00","checksum":"57118257766"}
_2librisxl
887 _a{"@id":"bgnj5c0h482nlqw","modified":"2007-03-12T13:49:00+01:00","checksum":"60874116990"}
_2librisxl
887 _a{"@id":"w173rxt22vcbrvp","modified":"2007-03-30T13:20:57+02:00","checksum":"51352567073"}
_2librisxl
887 _a{"@id":"jnvq92bp45c6d75","modified":"2011-07-05T13:30:21+02:00","checksum":"53103610490"}
_2librisxl
887 _a{"@id":"v062pxt15k2chjb","modified":"2016-10-17T10:04:07+02:00","checksum":"53085659400"}
_2librisxl
887 _a{"@id":"bgnn2zkh12nvwsw","modified":"2009-02-23T10:27:46+01:00","checksum":"64365053174"}
_2librisxl
887 _a{"@id":"hmtp9chn0ttvzdb","modified":"2007-03-02T08:41:00+01:00","checksum":"58540212193"}
_2librisxl
887 _a{"@id":"59h2sdzb2n71d6c","modified":"2020-01-28T12:33:01.967+01:00","checksum":"53994693573"}
_2librisxl
887 _a{"@id":"q2x3g0lznfz9qzc3","modified":"2020-02-04T10:13:55.506+01:00","checksum":"55860349072"}
_2librisxl
887 _a{"@id":"hmtpbhrn168lwjn","modified":"2007-03-12T10:23:30+01:00","checksum":"55823556007"}
_2librisxl
887 _a{"@id":"59hcx9bb5q029fc","modified":"2008-05-12T14:38:49+02:00","checksum":"61056001838"}
_2librisxl
887 _a{"@id":"chplhmxj545ljmf","modified":"2014-09-18T14:07:24+02:00","checksum":"62864260683"}
_2librisxl
887 _a{"@id":"jnvq9sgp40kpjwn","modified":"2009-03-06T14:24:01+01:00","checksum":"49215621319"}
_2librisxl
887 _a{"@id":"x284tql350xr0h2","modified":"2014-09-24T15:27:19+02:00","checksum":"50140261748"}
_2librisxl
942 _2z
_cBOOK